| 000 | 00627nam a2200193Ia 4500 | ||
|---|---|---|---|
| 003 | LDD | ||
| 008 | 190117s9999 xx 000 0 und d | ||
| 020 |
_a8170286344 _c₹100 |
||
| 040 | _cLDD | ||
| 041 | _ahi | ||
| 082 | _a8H2.7 प्रे59222स | ||
| 100 | _aप्रेमचंद | ||
| 245 | 0 |
_aसदगतिः तथा अन्य नाटक _cप्रेमचंद |
|
| 260 |
_aनई दिल्ली _bराजपाल _c2005 |
||
| 300 | _a119पृ. | ||
| 901 | _aHBC | ||
| 904 | _aReqst by : Parakh, Jawarimal (Dr.) | ||
| 942 |
_2ddc _cH |
||
| 999 |
_c164181 _d164181 |
||